Súčasný stav elektromobility a postoje spotrebiteľa

V súčasnosti sa permanentne stretávame s rôznymi postojmi k elektromobilite na automobilovom trhu v Európe aj na Slovensku. Spotrebiteľ je lepšie informovaný a pri priznaní svojich spotrebiteľských práv hľadá stále viac odborných informácií, aby mal o danej téme čo najlepší obraz. Popisujeme súčasnú...

Ausführliche Beschreibung

Gespeichert in:
Bibliographische Detailangaben
1. Verfasser: Orgonáš, Jozef, 1957-
Format: Buchkapitel
Sprache:Slowakisch
Schlagworte:
Tags: Tag hinzufügen
Keine Tags, Fügen Sie das erste Tag hinzu!

MARC

LEADER 00000naa$a2200000$$$4500
001 0289455
005 20240502074433.5
041 0 |a slo 
044 |a SK 
245 1 0 |a Súčasný stav elektromobility a postoje spotrebiteľa  |c Jozef Orgonáš 
520 |a V súčasnosti sa permanentne stretávame s rôznymi postojmi k elektromobilite na automobilovom trhu v Európe aj na Slovensku. Spotrebiteľ je lepšie informovaný a pri priznaní svojich spotrebiteľských práv hľadá stále viac odborných informácií, aby mal o danej téme čo najlepší obraz. Popisujeme súčasnú situáciu, trendy, najnovšie informácie a postavenie spotrebiteľa v rozhodovacom procese pri kúpe auta. 
610 2 0 |a elektromobilita 
610 2 0 |a elektromobily 
610 2 0 |a spotrebitelia 
610 2 0 |a Slovensko 
100 1 |a Orgonáš, Jozef, 1957-